Data Analytics and Management in Data Intensive Domains (Запис № 446349)

МАРК-запис
000 -LEADER
fixed length control field 04335nam a22006735i 4500
001 - CONTROL NUMBER
control field 978-3-319-57135-5
003 - CONTROL NUMBER IDENTIFIER
control field DE-He213
005 - DATE AND TIME OF LATEST TRANSACTION
control field 20210118124013.0
007 - PHYSICAL DESCRIPTION FIXED FIELD--GENERAL INFORMATION
fixed length control field cr nn 008mamaa
008 - FIXED-LENGTH DATA ELEMENTS--GENERAL INFORMATION
fixed length control field 170422s2017 gw | s |||| 0|eng d
020 ## - INTERNATIONAL STANDARD BOOK NUMBER
International Standard Book Number 9783319571355
-- 978-3-319-57135-5
024 7# - OTHER STANDARD IDENTIFIER
Standard number or code 10.1007/978-3-319-57135-5
Source of number or code doi
050 #4 - LIBRARY OF CONGRESS CALL NUMBER
Classification number QA76.9.D343
072 #7 - SUBJECT CATEGORY CODE
Subject category code UNF
Source bicssc
072 #7 - SUBJECT CATEGORY CODE
Subject category code COM021030
Source bisacsh
072 #7 - SUBJECT CATEGORY CODE
Subject category code UNF
Source thema
072 #7 - SUBJECT CATEGORY CODE
Subject category code UYQE
Source thema
082 04 - DEWEY DECIMAL CLASSIFICATION NUMBER
Classification number 006.312
Edition number 23
245 10 - TITLE STATEMENT
Title Data Analytics and Management in Data Intensive Domains
Medium [electronic resource] :
Remainder of title XVIII International Conference, DAMDID/RCDL 2016, Ershovo, Moscow, Russia, October 11 -14, 2016, Revised Selected Papers /
Statement of responsibility, etc edited by Leonid Kalinichenko, Sergei O. Kuznetsov, Yannis Manolopoulos.
250 ## - EDITION STATEMENT
Edition statement 1st ed. 2017.
264 #1 -
-- Cham :
-- Springer International Publishing :
-- Imprint: Springer,
-- 2017.
300 ## - PHYSICAL DESCRIPTION
Extent XII, 281 p. 64 illus.
Other physical details online resource.
336 ## -
-- text
-- txt
-- rdacontent
337 ## -
-- computer
-- c
-- rdamedia
338 ## -
-- online resource
-- cr
-- rdacarrier
347 ## -
-- text file
-- PDF
-- rda
490 1# - SERIES STATEMENT
Series statement Communications in Computer and Information Science,
Міжнародний стандартний серійний номер для назви серії (ISSN) 1865-0929 ;
Том/ позначення послідовності 706
505 0# - FORMATTED CONTENTS NOTE
Formatted contents note Semantic modeling in data intensive domains -- Knowledge and learning management -- Text mining -- Data infrastructures in astrophysics -- Data analysis -- Research infrastructures -- Position paper.
520 ## - SUMMARY, ETC.
Summary, etc This book constitutes the refereed proceedings of the 28th International Conference on Data Analytics and Management in Data Intensive Domains, DAMDID/RCDL 2016, held in Ershovo, Moscow, Russia, in October 2016. The 16 revised full papers presented together with one invited talk and two keynote papers were carefully reviewed and selected from 57 submissions. The papers are organized in topical sections on semantic modeling in data intensive domains; knowledge and learning management; text mining; data infrastructures in astrophysics; data analysis; research infrastructures; position paper. .
506 ## - RESTRICTIONS ON ACCESS NOTE
Terms governing access Available to subscribing member institutions only. Доступно лише організаціям членам підписки.
506 ## - RESTRICTIONS ON ACCESS NOTE
Standardized terminology for access restriction Online access from local network of NaUOA.
506 ## - RESTRICTIONS ON ACCESS NOTE
Standardized terminology for access restriction Online access with authorization at https://link.springer.com/
506 ## - RESTRICTIONS ON ACCESS NOTE
Standardized terminology for access restriction Онлайн-доступ з локальної мережі НаУОА.
506 ## - RESTRICTIONS ON ACCESS NOTE
Standardized terminology for access restriction Онлайн доступ з авторизацією на https://link.springer.com/
650 #0 - SUBJECT ADDED ENTRY--TOPICAL TERM
Topical term or geographic name as entry element Data mining.
650 #0 - SUBJECT ADDED ENTRY--TOPICAL TERM
Topical term or geographic name as entry element User interfaces (Computer systems).
650 #0 - SUBJECT ADDED ENTRY--TOPICAL TERM
Topical term or geographic name as entry element Natural language processing (Computer science).
650 #0 - SUBJECT ADDED ENTRY--TOPICAL TERM
Topical term or geographic name as entry element Software engineering.
650 #0 - SUBJECT ADDED ENTRY--TOPICAL TERM
Topical term or geographic name as entry element Artificial intelligence.
650 14 - SUBJECT ADDED ENTRY--TOPICAL TERM
Topical term or geographic name as entry element Data Mining and Knowledge Discovery.
-- http://scigraph.springernature.com/things/product-market-codes/I18030
650 24 - SUBJECT ADDED ENTRY--TOPICAL TERM
Topical term or geographic name as entry element User Interfaces and Human Computer Interaction.
-- http://scigraph.springernature.com/things/product-market-codes/I18067
650 24 - SUBJECT ADDED ENTRY--TOPICAL TERM
Topical term or geographic name as entry element Natural Language Processing (NLP).
-- http://scigraph.springernature.com/things/product-market-codes/I21040
650 24 - SUBJECT ADDED ENTRY--TOPICAL TERM
Topical term or geographic name as entry element Software Engineering.
-- http://scigraph.springernature.com/things/product-market-codes/I14029
650 24 - SUBJECT ADDED ENTRY--TOPICAL TERM
Topical term or geographic name as entry element Natural Language Processing (NLP).
-- http://scigraph.springernature.com/things/product-market-codes/I21040
650 24 - SUBJECT ADDED ENTRY--TOPICAL TERM
Topical term or geographic name as entry element Artificial Intelligence.
-- http://scigraph.springernature.com/things/product-market-codes/I21000
700 1# - ADDED ENTRY--PERSONAL NAME
Personal name Kalinichenko, Leonid.
Relator term editor.
Relator code edt
-- http://id.loc.gov/vocabulary/relators/edt
700 1# - ADDED ENTRY--PERSONAL NAME
Personal name Kuznetsov, Sergei O.
Relator term editor.
-- (orcid)0000-0003-3284-9001
-- https://orcid.org/0000-0003-3284-9001
Relator code edt
-- http://id.loc.gov/vocabulary/relators/edt
700 1# - ADDED ENTRY--PERSONAL NAME
Personal name Manolopoulos, Yannis.
Relator term editor.
Relator code edt
-- http://id.loc.gov/vocabulary/relators/edt
710 2# - ADDED ENTRY--CORPORATE NAME
Corporate name or jurisdiction name as entry element SpringerLink (Online service)
773 0# - HOST ITEM ENTRY
Title Springer eBooks
776 08 - ADDITIONAL PHYSICAL FORM ENTRY
Display text Printed edition:
International Standard Book Number 9783319571348
776 08 - ADDITIONAL PHYSICAL FORM ENTRY
Display text Printed edition:
International Standard Book Number 9783319571362
830 #0 - SERIES ADDED ENTRY--UNIFORM TITLE
Uniform title Communications in Computer and Information Science,
-- 1865-0929 ;
Volume number/sequential designation 706
856 40 - ELECTRONIC LOCATION AND ACCESS
Uniform Resource Identifier <a href="https://doi.org/10.1007/978-3-319-57135-5">https://doi.org/10.1007/978-3-319-57135-5</a>
912 ## -
-- ZDB-2-SCS
942 ## - ADDED ENTRY ELEMENTS (KOHA)
Koha item type ЕКнига

Немає доступних примірників.